Current opinion in pulmonary medicine české a slovenské vydání

Podrobná bibliografia
Ďalší autori: Chovan, Ladislav, 1955-2008 (Šéfredaktor, zodpovedný redaktor), Solovič, Ivan, 1966- (Šéfredaktor, zodpovedný redaktor)
Médium: Časopis
Jazyk:čeština
slovenčina
Fyzický popis:11 zv. 30 cm
Online vydanie: Current opinion in pulmonary medicine (České a slovenské vyd., On-line) ISSN 1803-893X
Vydavateľské údaje: Praha Medical Tribune Group 2004-2014
Praha Medical Tribune CZ
ISSN:1214-4738
Predmet:
On-line prístup:http://www.co-pulmonary.cz/

MARC

LEADER 00000cas a2200000 a 4500
001 vtls008419818
003 SK-MaSNL
005 20260228161009.0
008 051220d20042014xr tr p 0 b0cze
022 |a 1214-4738 
035 |a (SVKBB03)vtls000204794 
040 |a SVKPO  |b slo  |c SVKPO  |d SVKBB  |d SAVUK  |e AACR2 
041 0 |a cze  |a slo  |b cze  |b slo 
044 |a xr  |c CZ 
072 7 |a 616  |x Patológia. Klinická medicína  |2 konspekt 
080 |a 616.24  |2 2011 
080 |a 050  |2 2011 
080 |a 001(051)  |2 2011 
210 0 |a Curr. opin. pulm. med., Čes. slov. vyd.  |b (Print) 
222 0 |a Current opinion in pulmonary medicine. České a slovenské vyd.  |b (Print) 
245 0 0 |a Current opinion in pulmonary medicine  |b české a slovenské vydání 
260 |a Praha  |b Medical Tribune Group  |c 2004-2014 
260 2 |3 1/2006-2014  |a Praha  |b Medical Tribune CZ 
300 |a 11 zv.  |c 30 cm 
310 |a 3x ročne 
362 0 |a Roč. 1, č. 1 ( 2004)-roč. 11, č. 3 (2014)  |z ISSN/2018 
500 |a Ved. redaktor: 1/2004-3/2008, Ladislav Chovan ; 1/2009-2014, Ivan Solovič 
500 |a Vychádza vďaka grantu firmy NOVARTIS 
500 |a Licenciu pre české a slovenské vydanie poskytlo vydavateľstvo Lippincott Williams & Wilkins 
500 |a Reg. číslo MK ČR: E 14822 
504 |a Biblior. 
530 |a Online vydanie: Current opinion in pulmonary medicine (České a slovenské vyd., On-line) ISSN 1803-893X 
546 |a Res. slov. a čes. 
650 0 7 |a pneumológia  |2 SNKPH  |9 913 
650 0 7 |a choroby pľúc  |2 SNKPH  |9 1247 
655 7 |a vedecké časopisy  |2 SNKPH  |9 70520 
700 1 |a Chovan, Ladislav,  |d 1955-2008  |4 pbd  |9 216166 
700 1 |a Solovič, Ivan,  |d 1966-  |4 pbd  |9 189359 
775 0 |t Current opinion in pulmonary medicine  |x 1070-5287 
852 |a Štátna vedecká knižnica v Banskej Bystrici 
856 4 1 |u http://www.co-pulmonary.cz/ 
910 |a svkpo 
910 |a savuk 
910 |a snk 
999 |c 4066  |d 5996 
952 |0 0  |1 0  |4 0  |7 0  |8 1  |a SNK  |b SNK  |d 2019-09-20  |i snk2019/23468  |l 0  |o snkČSB 7286/1/2004  |p 17A1382948  |r 2026-02-21 21:52:32  |t č. 1-3  |w 2026-02-21  |y PREZ 
952 |0 0  |1 0  |4 0  |7 0  |8 1  |a SNK  |b SNK  |d 2019-09-20  |i snk2019/23470  |l 0  |o snkČSB 7286/2/2005  |p 17A1382949  |r 2026-02-21 21:52:32  |t č. 1-3  |w 2026-02-21  |y PREZ 
952 |0 0  |1 0  |4 0  |7 0  |8 1  |a SNK  |b SNK  |d 2019-09-20  |i snk2019/23471  |l 0  |o snkČSB 7286/3/2006  |p 17A1382947  |r 2026-02-21 21:52:32  |t č. 1-3  |w 2026-02-21  |y PREZ 
952 |0 0  |1 0  |4 0  |7 0  |8 1  |a SNK  |b SNK  |d 2019-09-20  |i snk2019/23475  |l 0  |o snkČSB 7286/4/2007  |p 17A1382946  |r 2026-02-21 21:52:32  |t č. 1-3  |w 2026-02-21  |y PREZ 
952 |0 0  |1 0  |4 0  |7 0  |8 1  |a SNK  |b SNK  |d 2019-09-20  |i snk2019/23477  |l 0  |o snkČSB 7286/5/2008  |p 17A1382945  |r 2026-02-21 21:52:32  |t č. 1-3  |w 2026-02-21  |y PREZ 
952 |0 0  |1 0  |4 0  |7 0  |8 1  |a SNK  |b SNK  |d 2019-09-20  |i snk2019/23480  |l 0  |o snkČSB 7286/6/2009  |p 17A1382944  |r 2026-02-21 21:52:32  |t č. 1-3  |w 2026-02-21  |y PREZ 
952 |0 0  |1 0  |4 0  |7 0  |8 1  |a SNK  |b SNK  |d 2019-09-20  |i snk2019/23485  |l 0  |o snkČSB 7286/7/2010  |p 17A1382943  |r 2026-02-21 21:52:32  |t č. 1-3  |w 2026-02-21  |y PREZ 
952 |0 0  |1 0  |4 0  |7 0  |8 1  |a SNK  |b SNK  |d 2019-09-20  |i snk2019/23488  |l 0  |o snkČSB 7286/8/2011  |p 17A1382942  |r 2026-02-21 21:52:32  |t č. 1-3  |w 2026-02-21  |y PREZ 
952 |0 0  |1 0  |4 0  |7 0  |8 1  |a SNK  |b SNK  |d 2019-09-20  |i snk2019/23489  |l 0  |o snkČSB 7286/9/2012  |p 17A1382941  |r 2026-02-21 21:52:32  |t č. 1-3  |w 2026-02-21  |y PREZ 
952 |0 0  |1 0  |4 0  |7 0  |8 1  |a SNK  |b SNK  |d 2019-09-20  |i snk2019/23490  |l 0  |o snkČSB 7286/10/2013  |p 17A1382940  |r 2026-02-21 21:52:32  |t č. 1-3  |w 2026-02-21  |y PREZ